| 000 | 01294nam a22002177a 4500 | ||
|---|---|---|---|
| 999 |
_c63805 _d63805 |
||
| 003 | Ge_BSU | ||
| 005 | 20260116164934.0 | ||
| 008 | 260116s ge ||||| |||| 00| 0 geo d | ||
| 041 | _ageo | ||
| 080 | _a3301.1 მ-74 | ||
| 100 |
_aმიქაბერიძე, ზურაბ _926694 |
||
| 245 |
_aეკონომიკის საფუძვლები / _cზ. მიქაბერიძე, მ. ბარბაქაძე, გ. თუთბერიძე; რედ. რ. ნამიჭეშვილი და ზ. მიქაბერიძე. |
||
| 264 |
_aქუთაისი : _bქუთაისის გ. ტაბიძის სახელობის სსაქციო საზოგადოება "სტამბის" საგამომცემლო ცენტრი, _c1995. |
||
| 300 |
_a172 გვ.; _b20 სმ. |
||
| 504 | _aბიბლიოგრ. გვ. 169 | ||
| 700 |
_aბარბაქაძე, მ. _eავტორი _926695 |
||
| 700 |
_a თუთბერიძე, გ. _eავტორი _926696 |
||
| 700 |
_a ნამიჭეშვილი, რ. _eრედაქტორი _926697 |
||
| 700 |
_a მიქაბერიძე, ზ. _eრედაქტორი _926698 |
||
| 942 |
_2udc _cᲬᲘᲒᲜᲘ |
||